| 000 | 01038nam a22002537a 4500 | ||
|---|---|---|---|
| 005 | 20210325204435.0 | ||
| 008 | s2552 th tha d | ||
| 020 | _a9781403154149 | ||
| 041 | _atha | ||
| 050 | _aBP605.S2 ฮ251ด 2552 | ||
| 100 | 0 | _aฮับบาร์ด, แอล. รอน | |
| 245 | 1 | 0 | _aไดอะเนติกส์ วิทยาศาสตร์สมัยใหม่เกี่ยวกับสุขภาพจิต |
| 260 | 3 |
_aCalifornia : _bBridge Publications, Inc., _c2552 |
|
| 300 |
_a661 หน้า : _b 24 ซม |
||
| 650 | 0 | 4 | _aจิตบำบัด |
| 650 | 0 | 4 | _aสุขภาพจิต |
| 650 | 0 | 4 | _aไซแอนโทโลยี |
| 650 | 0 | 4 | _aไดอะเนติกส์ |
| 850 | _aNALT | ||
| 942 | _cGB | ||
| 997 | _aบ 22841 ฉ.1 บ 22842 ฉ.2 บ 22843 ฉ.3 บ 22844 ฉ.4 | ||
| 997 | _c000000000060864 | ||
| 998 | _aนางสาวสุพันดา สุภาพ | ||
| 999 |
_c60864 _d60864 |
||